| 000 | 00583nam a22002057a 4500 | ||
|---|---|---|---|
| 003 | OSt | ||
| 005 | 20151007142515.0 | ||
| 008 | 151007b xxu||||| |||| 00| 0 eng d | ||
| 020 | _a9780230546936 | ||
| 040 | _cDDC | ||
| 082 | _a174.4 MEL 2010 | ||
| 100 |
_aMellahi, Kamel; Morrell, Kevin; Wood, Geoffrey _95841 |
||
| 245 |
_aThe ethical business: _bchallenges and contraversies |
||
| 250 | _a2nd ed. | ||
| 260 |
_aNew York; _bPalgrave, _c2010 |
||
| 300 |
_axv,268p; _bill: _c23cm |
||
| 504 | _aReferences, & index included | ||
| 650 |
_aBusiness ethics _95048 |
||
| 942 |
_2z _cO_SHELF |
||
| 999 |
_c2320 _d2320 |
||